Pays visités par Louis de Funès - Statistiques

Statistiques générales
  • Ce quiz a été pris 94 fois
  • Le résultat moyen est 6 sur 7
Statistiques - réponses
Pays % Correct
Espagne
99%
Italie
99%
États-Unis
97%
Royaume-Uni
94%
France
91%
Suisse
84%
Monaco
36%
Aucun quiz correspondant
Distribution des résultats
% des personnes avec chaque résultat
Percentile par nombre de réponses
Votre historique - résultats
Vous n’avez pas pris ce quiz